Vereine mit höchstem Zuschauerschnitt in der Regionalliga - Statistiken

Allgemein
  • Dieses Quiz wurde 164 mal gespielt
    48 seit der letzten Aktualisierung
  • Das Durchschnittsergebnis liegt bei 16 aus 25
Antwortstatistiken
Schnitt Regio Verein % Korrekt
6.300 Südwest Kickers Offenbach
88%
7.400 Nordost Carl Zeiss Jena
86%
7.100 Nordost Hallescher FC
86%
5.800 Nordost Lokomotive Leipzig
84%
7.800 Nordost RW Erfurt
84%
5.300 Nordost Chemnitzer FC
81%
5.000 Nordost Chemie Leipzig
77%
3.000 Nord VfB Lübeck
77%
5.300 Nordost FSV Zwickau
74%
4.000 Nord VfB Oldenburg
74%
4.100 Südwest Stuttgarter Kickers
70%
2.700 Südwest Eintracht Trier
65%
7.000 Nord SV Meppen
65%
2.900 West RW Oberhausen
63%
2.600 Bayern SpVgg Unterhaching
63%
2.000 West Wuppertaler SV
58%
2.500 West Fortuna Köln
53%
2.800 Nordost SV Babelsberg
53%
3.300 Südwest Hessen Kassel
51%
2.200 Nordost BFC Dynamo
47%
2.400 Südwest SV Sandhausen
44%
2.200 Nord Kickers Emden
42%
2.500 Nord Altona 93
37%
3.000 West Sportfreunde Siegen
37%
2.000 West 1.FC Bocholt
26%
Keine übereinstimmenden Quizze gefunden
Verteilung der Resultate
Anzahl Personen mit jedem Resultat
Perzentil nach korrekt beantworteten Fragen
Ihre Resultats-Entwicklung
Sie haben dieses Quiz seit der letzten Aktualisierung nicht gespielt